Gares d'Eure-et-Loir - Statistiques

Statistiques générales
  • Ce quiz a été pris 5 fois
  • Le résultat moyen est 9 sur 29
Statistiques - réponses
Réponse % Correct
Chartres
100%
Dreux
100%
Epernon
80%
Maintenon
60%
Brou
40%
Châteaudun
40%
Courville-sur-Eure
40%
Jouy
40%
Lucé
40%
Nogent-le-Rotrou
40%
Saint-Piat
40%
Amilly-Ouerray
20%
Arrou
20%
Auneau
20%
Bailleau-le-pin
20%
Bonneval
20%
Cloyes
20%
Courtalain
20%
Illiers-Combray
20%
La Loupe
20%
La Villette-Saint-Prest
20%
Pontgouin
20%
Saint-Aubin-Saint-Luperce
20%
Voves
20%
Château-Gaillard
0%
La Taye
0%
Magny-Blandainville
0%
Marchezais-Broué
0%
Toury
0%
Aucun quiz correspondant
Distribution des résultats
% des personnes avec chaque résultat
Percentile par nombre de réponses
Votre historique - résultats
Vous n’avez pas pris ce quiz